| 000 | 00565nam a22001937a 4500 | ||
|---|---|---|---|
| 005 | 20150617113300.0 | ||
| 010 | _aENG-112851 | ||
| 020 |
_c750.00 _a9788125057321 |
||
| 035 | _aEN-96383 | ||
| 037 | _bDBAD/PUB | ||
| 082 | _a362.1086942 | ||
| 100 | _aDas, Veena | ||
| 245 |
_aAffliction : _cby Veena Das _bhealth, disease, poverty / |
||
| 260 |
_aNew Delhi _bOrient BlackSwan _c2015 |
||
| 270 |
_a1/24, Asaf Ali Road, _bNew Delhi _e110002 |
||
| 300 |
_axii,255p. _c24cm(Hb) |
||
| 500 | _aIncludes index | ||
| 942 |
_2ddc _cEN _mDAS _h362.1086942 |
||
| 999 |
_c93280 _d93280 |
||